Pays se terminant par IE (avec une carte semi-vide) - Statistiques

Statistiques générales
  • Ce quiz a été pris 834 fois
  • Le résultat moyen est 189 sur 196
Réponses sur la Carte
Les réponses sont colorées sur une échelle allant du rouge au vert en fonction du pourcentage des utilisateurs qui les ont devinées à leur premier essai. Vous pouvez retrouver ces pourcentages ci-dessous.
 
Statistiques - réponses
pays % Correct
x
100%
Russie
97%
Algérie
94%
Bolivie
93%
Colombie
92%
Italie
92%
Hongrie
91%
Mongolie
91%
Slovénie
91%
Roumanie
90%
Slovaquie
90%
Turquie
90%
Australie
89%
Indonésie
89%
Mauritanie
89%
Biélorussie
87%
Bulgarie
87%
Estonie
87%
Éthiopie
87%
Lituanie
87%
Lettonie
86%
Namibie
86%
Serbie
86%
Zambie
86%
Croatie
85%
Tanzanie
85%
Arménie
82%
Moldavie
82%
Tunisie
82%
Somalie
80%
Albanie
79%
Syrie
78%
Malaisie
77%
Jordanie
74%
Géorgie
72%
Tchequie
72%
Gambie
54%
Micronésie
52%
Sainte-Lucie
22%
Aucun quiz correspondant
Distribution des résultats
% des personnes avec chaque résultat
Percentile par nombre de réponses
Votre historique - résultats
Vous n’avez pas pris ce quiz